000 00547nam a2200217Ia 4500
003 OSt
005 20230417100618.0
008 210423s2011 xx 000 0 und d
020 _a9788125949541
040 _cAL
041 _aeng
082 _a658.15
_223
_b PANI
100 _aPANDEY (I M).
_989085
245 _aEssentials of financial management.
250 _a3
260 _aNew Delhi
_bVikas Publications
_c2011
300 _axiv,550
_bPB
365 _b350
_cINR
906 _aEssentials ; financial ; management.
942 _2ddc
_cBK
999 _c160540
_d160540